| 000 | 03221nam a22003977a 4500 | ||
|---|---|---|---|
| 005 | 20100907154448.0 | ||
| 010 | _aB-413658-674 | ||
| 020 |
_a9788129114938 _c150.00 |
||
| 035 | _aB-413658-674 | ||
| 037 | _bUBH | ||
| 082 | _aS | ||
| 245 |
_aDelightful dozen: _ctranscreated from Bangali by Anirban Basu _ba collection of twelve short stories by Upendrakisor Ray and Sukumar Ray / |
||
| 260 |
_aNew Delhi _bRupa _c2009 |
||
| 270 |
_a7/16, Ansari Road, Daryaganj _bNew Delhi _e110002 |
||
| 300 |
_axii, 135p. _c23cm(pbk) |
||
| 700 |
_aBasu, Anirban _918787 |
||
| 942 |
_2ddc _cEN _mDEL _hS |
||
| 999 |
_c35620 _d35620 |
||